Plant tissue culture : (Record no. 55997)
[ view plain ]
| 000 -LEADER | |
|---|---|
| fixed length control field | 00818nam a2200241 4500 |
| 001 - CONTROL NUMBER | |
| control field | 55997 |
| 003 - CONTROL NUMBER IDENTIFIER | |
| rucl marc code | BD-RjUL |
| 005 - DATE AND TIME OF LATEST TRANSACTION | |
| control field | 20211209080336.0 |
| 008 - FIXED-LENGTH DATA ELEMENTS--GENERAL INFORMATION | |
| fixed length control field | 161124s1983 N ||||| |||| 00| 0 eng d |
| 035 ## - SYSTEM CONTROL NUMBER | |
| System control number | (BD-RjUL)56121 |
| 040 ## - CATALOGING SOURCE | |
| Language of cataloging | Eng |
| Transcribing agency | BD-RjUL |
| 041 ## - LANGUAGE CODE | |
| Language code of text/sound track or separate title | Eng |
| 082 ## - DEWEY DECIMAL CLASSIFICATION NUMBER | |
| Edition number | 23 |
| Classification number | 581.0724 |
| Author mark and year | BHP 1983 |
| 100 ## - MAIN ENTRY--PERSONAL NAME | |
| Personal name | Bhojwani, S S and Razdan, M K |
| 9 (RLIN) | 166689 |
| 245 ## - TITLE STATEMENT | |
| Title | Plant tissue culture : |
| Remainder of title | theory and practice/ |
| Statement of responsibility, etc. | S.S. Bhojwani, M.K. Razdan. |
| 260 ## - PUBLICATION, DISTRIBUTION, ETC. (IMPRINT) | |
| Place of publication, distribution, etc. | Amsterdam ; New York : Elsevier ; New York, N.Y. : |
| Name of publisher, distributor, etc. | Distributors for the U.S. and Canada, Elsevier Science Pub. Co., |
| Date of publication, distribution, etc. | 1983. |
| 300 ## - PHYSICAL DESCRIPTION | |
| Pagination | viii, 502 p. : |
| Illustrations | illustrations ; |
| Size | 25 cm. |
| 650 ## - SUBJECT ADDED ENTRY--TOPICAL TERM | |
| Topical term or geographic name as entry element | Plant tissue culture |
| 9 (RLIN) | 159079 |
| 700 ## - ADDED ENTRY--PERSONAL NAME | |
| Personal name | Bhojwani, S S and |
| Personal name | Razdan, M K |
| 942 ## - ADDED ENTRY ELEMENTS (KOHA) | |
| Source of classification or shelving scheme | Dewey Decimal Classification |
| Koha item type | Books |
| Lost status | Source of classification or shelving scheme | Damaged status | Not for loan | Permanent Location | Current Location | Shelving location | Date acquired | Source of acquisition | Total Checkouts | Full call number | Date last seen | Copy number | Koha item type |
|---|---|---|---|---|---|---|---|---|---|---|---|---|---|
| Dewey Decimal Classification | Not For Loan | Institute of Biological Sciences (IBSc) Library | Institute of Biological Sciences (IBSc) Library | Institute Library | 24/11/2016 | Purchase | 581.0724 BHP 1983 | 24/11/2016 | C-1 | Books |